|
|
|
|
| LEADER |
00734nam a22002052a 4500 |
| 001 |
001385614 |
| 003 |
CZ BrMZK |
| 005 |
20140712204551.0 |
| 007 |
ta |
| 008 |
140507s1963 xo er|||||||||||hun d |
| 040 |
|
|
|a BOA001
|b cze
|
| 100 |
1 |
|
|a Mózsi, Ferenc,
|d 1947-
|7 ola2003206389
|4 aut
|
| 245 |
1 |
2 |
|a A zenei nevelés segédkönyve :
|b módszertani útmutató az alapfokú kilencéves iskolák 1.-5. évfolymának tanítói számára /
|c Ferenc Mózsi
|
| 250 |
|
|
|a 2. kiad.
|
| 260 |
|
|
|a Bratislava :
|b Slovenské pedagogické nakladateľstvo,
|c 1963
|
| 300 |
|
|
|a 282 s.
|
| 910 |
|
|
|a BOA001
|b 2-0465.529-63
|
| 990 |
|
|
|a BK
|
| 991 |
|
|
|b 201405
|
| 996 |
7 |
|
|b 2619072922
|c 2-0465.529-63
|l MZK
|r Sklad / do 24 hodin
|n 0
|w 001420434
|u 000010
|a 1
|e BOA001
|j MZK50
|s A
|